| 000 | 01419nam a22003737a 4500 | ||
|---|---|---|---|
| 003 | CHAP | ||
| 005 | 20220329143458.0 | ||
| 008 | 100107s2009 mx a r 00010 spa d | ||
| 010 | _a97265 | ||
| 011 | _a98237 | ||
| 035 | _a108921 | ||
| 040 | _cCHAP | ||
| 090 | _aTesis | ||
| 100 | 1 |
_aFigueroa Castro, Pedro _940806 |
|
| 245 | 1 | 0 |
_aFluctuación poblacional y trampeo de Scyphophorus acupunctatus gyllenhal (coleoptera: curculionidae) con feromona de agregación en plantaciones de agave tequilero en Jalisco _c/por Pedro Figueroa Castro |
| 260 |
_aChapingo, Méx. : _bEl autor, _c2009. |
||
| 300 |
_a63 h. : _bilus., gráfs., cuadros |
||
| 502 | _aTesis (M.C. en Protección Vegetal) -- UACH. Departamento de Parasitología Agrícola | ||
| 590 |
_aALEPH _b10 _c20130110 _lUCH01 _h1531 |
||
| 590 |
_aBATCH-UPD _b10 _c20130110 _lUCH01 _h0944 |
||
| 590 |
_aBATCH-UPD _b10 _c20130410 _lUCH01 _h0559 |
||
| 590 |
_aBATCH-UPD _b10 _c20130913 _lUCH01 _h2000 |
||
| 590 |
_aCONVERSION _b10 _c20130109 _lUCH01 _h1354 |
||
| 650 | 1 | 4 |
_aAgave tequilana. _91107 |
| 650 | 1 | 4 |
_aColeópteros. _925123 |
| 650 | 1 | 4 |
_aFeromonas. _940358 |
| 650 | 1 | 4 |
_aPoblaciones animales. _989358 |
| 650 | 1 | 4 |
_aScyphophorus acupunctatus. _9103438 |
| 650 | 1 | 4 |
_aTrampas para insectos. _9114609 |
| 901 | _aBK | ||
| 942 | _cFOLL | ||
| 949 |
_bBC _cTES _d33724002110801 _eTS1 _h49871 _i108921 _sb |
||
| 949 |
_bBC _cTES _d33724002110842 _eTS2 _fc.2 _h49872 _i108921 _sb |
||
| 999 |
_c97265 _d97265 |
||